Fictional Characters by Nationality Quiz Stats

 Plays Quiz Updated Oct 15, 2014

Challenge
Share
Tweet
Embed
Score 0/21 Timer 04:00
15 Plays Today
% Correct
American
94%
Japanese
93.1%
British
92.2%
French
90.9%
Australian
90.3%
Mexican
89.7%
Chinese
88.5%
Greek
88.3%
Spanish
85%
Russian
78.9%
Iraqi
75.2%
% Correct
Canadian
73.5%
Indian
71%
Danish
64.2%
German
63.7%
Nigerian
60.4%
Belgian
60.4%
Dutch
55.4%
Swedish
49%
Irish
45.2%
Lithuanian
36.2%

You're not logged in!

Compare scores with friends on all Sporcle quizzes.
Join for Free
OR
Log In

You Might Also Like...

Show Comments

Extras

Top Quizzes Today


Score Distribution

Your Account Isn't Verified!

In order to create a playlist on Sporcle, you need to verify the email address you used during registration. Go to your Sporcle Settings to finish the process.

Report this User

Report this user for behavior that violates our Community Guidelines.

Details: